000 00566nam a2200193Ia 4500
003 GCL
008 140319s9999 xx 000 0 ara d
040 _aGCL /
_cGCL
082 0 4 _a621.7
_bح و
100 1 _aحسن رجب السيد
245 1 0 _aالوسيط فى هندسة الانتاج /
_cحسن رجب السيد
260 _a[S.N] :
_bدار الراتب الجامعية
300 _a204 ص
490 _a
650 0 4 _aالهندسة الصناعية
650 0 4 _aهندسة الانتاج
650 0 4 _aضبط الانتاج
942 _2ddc
_cBK
999 _c54053
_d54053